000 00590nam a2200193Ia 4500
005 20251020182520.0
008 200515s9999 xx 000 0 und d
082 _a69.0513/C315
245 0 _aCatálogos: maquinaria para movimiento de tierras
260 _as. c.
260 _c199?
300 _aCaterpillar , Komatsu, MF Industrial Fiat-Hitachi Thwaites Fiatallis
500 _a1 ejemplar
520 _aCatálogos de maquinarias para movimientos de tierra de distintas marcas
650 _aLIB
650 _aMAQUINARIAS Y EQUIPOS
650 _aMOVIMIENTO DE TIERRAS
942 _cLIB
999 _c1726
_d1726